| 000 -LEADER |
| fixed length control field |
01085cam a2200289 a 4500 |
| 001 - CONTROL NUMBER |
| control field |
536771 |
| 003 - CONTROL NUMBER IDENTIFIER |
| control field |
OSt |
| 005 - DATE AND TIME OF LATEST TRANSACTION |
| control field |
20260205143751.0 |
| 008 - FIXED-LENGTH DATA ELEMENTS--GENERAL INFORMATION |
| fixed length control field |
181213s2018 pau d 000 1 eng d |
| 020 ## - INTERNATIONAL STANDARD BOOK NUMBER |
| International Standard Book Number |
9781683690436 |
| Qualifying information |
(pbk.) |
| 040 ## - CATALOGING SOURCE |
| Original cataloging agency |
LQM |
| Language of cataloging |
eng |
| Transcribing agency |
LQM |
| Modifying agency |
TMUE |
| Description conventions |
aacr |
| 042 ## - AUTHENTICATION CODE |
| Authentication code |
nbic |
| 082 ## - DEWEY DECIMAL CLASSIFICATION NUMBER |
| Classification number |
FIC POS |
| 100 1# - MAIN ENTRY--PERSONAL NAME |
| Personal name |
Poston, Ashley, |
| Relator term |
author. |
| 245 10 - TITLE STATEMENT |
| Title |
Geekerella : |
| Remainder of title |
a novel / |
| Statement of responsibility, etc. |
by Ashley Poston. |
| 250 ## - EDITION STATEMENT |
| Edition statement |
1st pbk. ed. |
| 260 ## - PUBLICATION, DISTRIBUTION, ETC. |
| Place of publication, distribution, etc. |
Philadelphia : |
| Name of publisher, distributor, etc. |
Quirk Books, |
| Date of publication, distribution, etc. |
2018. |
| 300 ## - PHYSICAL DESCRIPTION |
| Extent |
335 p. ; |
| Dimensions |
21 cm. |
| 500 ## - GENERAL NOTE |
| General note |
"Originally published by Quirk Books in 2017. First paperback edition, Quirk Books, 2018."--Title page verso. |
| 520 ## - SUMMARY, ETC. |
| Summary, etc. |
Geek girl Elle hopes to go to ExcelsiCon Cosplay to meet the actor (closet nerd Darien) scheduled to play Federation Prince Carmindor in a reboot of the movie Starfield. |
| 521 ## - TARGET AUDIENCE NOTE |
| Target audience note |
Ages 14 and up. |
| 650 #0 - SUBJECT ADDED ENTRY--TOPICAL TERM |
| Topical term or geographic name entry element |
Fans (Persons) |
| Form subdivision |
Juvenile fiction. |
| 650 #0 - SUBJECT ADDED ENTRY--TOPICAL TERM |
| Topical term or geographic name entry element |
Contests |
| Form subdivision |
Juvenile fiction. |
| 650 #0 - SUBJECT ADDED ENTRY--TOPICAL TERM |
| Topical term or geographic name entry element |
Balls (Parties) |
| Form subdivision |
Juvenile fiction. |
| 650 #0 - SUBJECT ADDED ENTRY--TOPICAL TERM |
| Topical term or geographic name entry element |
Science fiction films |
| Form subdivision |
Juvenile fiction. |
| 942 ## - ADDED ENTRY ELEMENTS (KOHA) |
| Source of classification or shelving scheme |
|
| Koha item type |
Books - Fiction |